Overwatch abilities - Statistics

General Stats
  • This quiz has been taken 1,042 times
  • The average score is 23 of 24
Answer Stats
Ability Answer % Correct
Nano Boost Ana
99%
Resurrect Mercy
99%
Self Destruct/ Call mech D.Va
98%
Dragon Blade Genji
98%
Sound Barrier Lucio
97%
EarthShatter Reinhardt
97%
DragonStrike Hanzo
96%
WholeHog Roadhog
95%
Infra-sight WidowMaker
95%
PrimalRage Winston
95%
RipTire Junkrat
94%
Blizzard Mei
94%
Barrage Pharah
94%
EMP Sombra
94%
PulseBomb Tracer
94%
Configuration Tank Bastion
93%
DeathBlossom Reaper
93%
TacticalVisor Soldier:76
93%
MoltenCore TorbJorn
93%
DeadEye McCree
92%
Teleporter Symmetra
92%
GravitonSurge Zarya
91%
Transcendence Zenyatta
91%
Super Charger Orisa
84%
No matching quizzes found
Score Distribution
Percent of People with Each Score
Percentile by Number Answered
Your Score History
You have not taken this quiz